000 00612nam a22002177a 4500
003 OSt
005 20150302153446.0
008 150302b xxu||||| |||| 00| 0 eng d
020 _a84-473-0011-0
040 _cBMC
082 _a823
100 1 _aSharpe, Tom
_d1928-2013
_932253
245 1 0 _aWilt
_cTom Sharpe ; [traducción, J.M. Álvarez Flórez]
260 _aBarcelona
_bRBA
_c[1992]
300 _a254 p.
_c21 cm
490 _aNarrativa actual
_v12
595 _aTraducción de: wilt
650 2 4 _911162
_aNovela inglesa
700 1 _aÁlvarez Flórez, José Manuel
_930444
942 _2ddc
_cBK
_hahoj
999 _c19137
_d19137